Le récit cinématographique : Films et séries télévisées (notice n° 1925245)
[ vue normale ]
| 000 -LEADER | |
|---|---|
| fixed length control field | 01724cam a2200145 4500500 |
| 005 - DATE AND TIME OF LATEST TRANSACTION | |
| control field | 20260329023154.0 |
| 041 ## - LANGUAGE CODE | |
| Language code of text/sound track or separate title | fre |
| 042 ## - AUTHENTICATION CODE | |
| Authentication code | dc |
| 100 10 - MAIN ENTRY--PERSONAL NAME | |
| Personal name | Gaudreault, André |
| Relator term | author |
| 245 00 - TITLE STATEMENT | |
| Title | Le récit cinématographique : Films et séries télévisées |
| 260 ## - PUBLICATION, DISTRIBUTION, ETC. | |
| Name of publisher, distributor, etc. | Armand Colin,<br/> |
| Date of publication, distribution, etc. | 2017.<br/> |
| 520 ## - SUMMARY, ETC. | |
| Summary, etc. | Rédigé par deux pionniers de la narratologie du cinéma, Le Récit cinématographique est devenu, depuis sa première édition en 1990, un classique reconnu pour sa clarté. Véritable manuel d’introduction, mais aussi ouvrage de synthèse particulièrement précieux, il se destine aux enseignants et aux étudiants en cinéma et en communication, ainsi qu’à tous ceux qui veulent comprendre les concepts et les mécanismes du récit : la narration, l’espace, la temporalité et le point de vue. À l’occasion de cette troisième édition revue et augmentée, les références cinématographiques ont été actualisées, l’étude du récit a été étendue aux séries télévisées et des analyses de séquences de films et de séries ont été ajoutées pour illustrer l’usage que l’on peut faire des concepts. « […] rarement on aura vu autant de clarté et de concision dans un ouvrage traitant de narratologie et de cinéma. […] Parce qu’on ne se lasse pas d’un discours conjuguant limpidité et intelligence et parce qu’un bon ouvrage de synthèse manquait cruellement aux écrits sur la narratologie, voilà un petit essai auquel on reviendra souvent » (Marcel Jean, directeur de la Cinémathèque québécoise). |
| 700 10 - ADDED ENTRY--PERSONAL NAME | |
| Personal name | Jost, François |
| Relator term | author |
| 856 41 - ELECTRONIC LOCATION AND ACCESS | |
| Uniform Resource Identifier | <a href="https://shs.cairn.info/le-recit-cinematographique--9782200614492?lang=fr&redirect-ssocas=7080">https://shs.cairn.info/le-recit-cinematographique--9782200614492?lang=fr&redirect-ssocas=7080</a> |
Pas d'exemplaire disponible.




Réseaux sociaux